Statistieken voor Acroniemen met vier letters

Klik hier om de quiz te nemen!

Algemene statistieken

  • Deze quiz is 85 keer genomen
  • De gemiddelde score is 14 van 30

Antwoordstatistieken

OmschrijvingAcroniem% Correct
Ziekte veroorzaakt door HIVAIDS
90%
Amerikaanse RuimtevaartorganisatieNASA
85%
Zweedse warenhuisketenIKEA
81%
Internationale voetbalunieFIFA
77%
De Soviet UnieUSSR
76%
Zo snel mogelijkASAP
74%
Internationale winkelketen, dennenboomSPAR
73%
Italiaans Automerk uit TurijnFIAT
71%
Hyper-kinetische stoornisADHD
68%
Oorlog tussen 1939 en 1945WOII
65%
Overeenkomst tussen Noord-Amerika en EuropaNAVO
61%
"Nummer" van een bankrekeningIBAN
60%
Drug ook bekend als XTCMDMA
55%
Motto dat soms tot roekeloos gedrag leidtYOLO
48%
Organisatie van de spoorwegen van BelgiëNMBS
44%
Liedje van The Village People over een jongerenorganisatieYMCA
44%
Gemeentelijk centrum en ook een zeer bekende bandACDC
42%
Nederlandse warenhuisketenHEMA
42%
"Nummer" van een boekISBN
34%
Top olieproducerende landenOPEC
31%
Vlaamse organisatie die werklozen helpt zoeken naar werkVDAB
29%
Voorloper van de Europese UnieEGKS
26%
Museum in Gent voor Hedendaagse kunstSMAK
26%
Voetbalunie in BelgiëKBVB
23%
Systeem van studiepunten in het hoger onderwijsECTS
19%
Ministerpost over de internationale relatiesBUZA
16%
Organisatie van de spoorwegen van België in het FransSNCB
16%
Internationale samenwerking op sociaal en economisch vlakOESO
10%
Vrijhandelsverdrag in onderhandeling tussen de VS en de EUTTIP
0%
Eindtermen die niet vakspecifiek zijn, maar overkoepelendVOET
0%

Scoreverdeling

Percentiel versus Aantal Correcte Antwoorden

Procent van Mensen met Elke Score

Uw Scoregeschiedenis

U heeft deze quiz nog niet genomen